MDQL
is popping MORE tags! Check the
thread
!
Quizzes
Events
Quiz Creation
Community
Videos
Private Events
Remove Ads
Sign In
Join for FREE
Feedback
Dark Mode
Quiz Categories
Sports
Geography
Music
Movies
Television
Just For Fun
Miscellaneous
History
Literature
Language
Science
Gaming
Entertainment
Religion
Holiday
For Kids
Quiz Lab
Recent
Popular Today
Quiz Kudos Today
Editor Picks
Curator Picks
Quizzes by...
Day
Popularity
Type
Ratings
Length
Year
Community
Subscriptions
Recent Discussions
Orange Saloon
Badges
Playlists
Quests
Create
Leaderboards
Showdown
Live 5
Trivia Bingo
Activity
Puzzle Library
Sporcle Events
Private Events
Virtual Trivia
Globe League
Become a Host
Pub Owners
SporcleCon
Opinionation
Our Games
Videos
Blog
Mobile Apps
Partnerships
Remove Ads and Go Orange
Feedback
Sports
Athletes
MLB
NBA
NHL
NFL
Soccer
Sports Teams
WWE
NCAA
Football
Premier League
Basketball
Baseball
Hockey
Golf
Tennis
Cricket
Rugby
Auto Racing
Olympics
World Cup
Sports
Athletes
MLB
NBA
NHL
NFL
Soccer
Sports Teams
WWE
NCAA
Football
Premier League
Basketball
Baseball
Hockey
Golf
Tennis
Cricket
Rugby
Auto Racing
Olympics
World Cup
Random Quiz
Search Sporcle
×
Quiz Lab
Quiz Lab
Sports
umpire
Type in answers that appear in a list
Type in answers that appear in a list
Classic
Best Score? Go Orange.
VFL/AFL GRAND FINAL UMPIRES (1980-2011) Stats
Can you name the VFL/AFL GRAND FINAL UMPIRES (1980-2011)?
By
stmookeyj
6m
79 Questions
70 Plays
70 Plays
70 Plays
Comments
Comments
Give Quiz Kudos
Give Quiz Kudos
-
- Ratings
hide this ad
More Info
Replay
Link that replays current quiz
Next Quiz
Link to next quiz in quiz playlist
You Got
0%
They Got
Avg Score
62%
Avg Friend Score
Upgrade to see
Score Distribution
Jump to the score distribution portion of the page
Score
0/79
Timer
06:00
0
Plays Today
YEAR
UMPIRE
% Correct
2009/
2010 (GF and REPLAY)
Ray CHAMBERLAIN
90%
1993
Darren GOLDSPINK
82.9%
1995
Darren GOLDSPINK
82.9%
1998
Darren GOLDSPINK
82.9%
1999
Darren GOLDSPINK
82.9%
2000
Darren GOLDSPINK
82.9%
2005
Darren GOLDSPINK
82.9%
2006
Darren GOLDSPINK
82.9%
1982
Glenn JAMES
80%
1983
Kevin SMITH
80%
1984
Glenn JAMES
80%
2001
Matthew JAMES
80%
2002
Matthew JAMES
80%
2004
Matthew JAMES
80%
1982
Rowan SAWERS
70%
1984
Rowan SAWERS
70%
1987
Rowan SAWERS
70%
1988
Bryan SHEEHAN
70%
1989
Bryan SHEEHAN
70%
1990
Rowan SAWERS
70%
1991
Bryan SHEEHAN
70%
1994
Bryan SHEEHAN
70%
1996
Bryan SHEEHAN
70%
1997
Bryan SHEEHAN
70%
1995
Hayden KENNEDY
67.1%
1997
Hayden KENNEDY
67.1%
1998
Hayden KENNEDY
67.1%
2000
Hayden KENNEDY
67.1%
2003
Hayden KENNEDY
67.1%
1989
Peter CAREY
65.7%
1992
Peter CAREY
65.7%
1993
Peter CAREY
65.7%
1995
Peter CAREY
65.7%
2006
Michael VOZZO
65.7%
2008
Michael VOZZO
65.7%
2002
Stephen McBURNEY
62.9%
2003
Stephen McBURNEY
62.9%
2007
Stephen McBURNEY
62.9%
2009/
2010 (GF and REPLAY)
Brett ROSEBURY
61.4%
2011
Brett ROSEBURY
61.4%
YEAR
UMPIRE
% Correct
1999
Brett ALLEN
60%
1999
Scott McLAREN
60%
2000
Brett ALLEN
60%
2001
Scott McLAREN
60%
2002
Brett ALLEN
60%
2003
Brett ALLEN
60%
2004
Brett ALLEN
60%
2005
Brett ALLEN
60%
2005
Scott McLAREN
60%
2006
Brett ALLEN
60%
2007
Scott McLAREN
60%
2008
Scott McLAREN
60%
2004
Shane McINERNEY
58.6%
2007
Shane McINERNEY
58.6%
2008
Shaun RYAN
58.6%
2009/
2010 (GF and REPLAY)
Shaun RYAN
58.6%
2011
Shaun RYAN
58.6%
1980
Ian ROBINSON
54.3%
1981
Ian ROBINSON
54.3%
1983
Neville NASH
54.3%
1985
Ian ROBINSON
54.3%
1987
Ian ROBINSON
54.3%
1996
Mark NASH
54.3%
1997
Mark NASH
54.3%
1986
John RUSSO
51.4%
1991
John RUSSO
51.4%
1985
Peter CAMERON
50%
1986
Peter CAMERON
50%
1988
Peter CAMERON
50%
1980
Bill DELLER
47.1%
1998
Andrew COATES
47.1%
1990
Denis RICH
45.7%
1992
Denis RICH
45.7%
1994
Denis RICH
45.7%
2011
Chris DONLON
44.3%
1994
David HOWLETT
40%
1981
Mick DYE
38.6%
1996
Gavin DORE
38.6%
2001
Martin ELLIS
37.1%
Quiz Playlist
Details
Report
Send in Message
Add To Playlist
More Info:
Field Umpires for the VFL/AFL Grand Final since season 1980.
Classic:
Type in answers that appear in a list
Quiz Source
Last Updated: Feb 16, 2017
Quiz Scoreboard
CHALLENGE
Sign Up to Join the Scoreboard
Show All
Scores
Hide
Comments
May contain spoilers
Recently Published
Image Sorting: Flags VI
by Barbecue
Geography
2m
Find the 'City' Movie
by crazypaving
Movies
60s
Colored Red Africa Blitz
by spor1
Geography
45s
More to Explore
Quiz From the Vault
Featured Blog Post
14 Easter Pick-up Lines to Find Eggs With
hide this ad
You Might Also Like...
Tags
AFL
final
grand
umpire
VFL
Today's Top Quizzes in Sports
Browse Sports
hide this ad
Today's Top Quizzes in umpire
Browse umpire
Top Contributed Quizzes in Sports
1
Les meilleurs buteurs des matchs entre le PSG et l’OM
2
Les entraîneurs de l'OM et du PSG au 21e siècle
3
Les joueurs passés par le PSG et l'OM
4
2022 World Cup Stars
5
Players with Multiple 50 Home Run Seasons
6
Criteria MLB: Left Handed Sluggers
7
Les joueurs passés par le LOSC et le RC Lens
8
NBA Logic Puzzle 2.0
9
MLB Players with Two .350 Batting Average Seasons
10
FIFA Club World Cup Champions
Explore More
Trending Topics
Kpop
Disney
Anime
Crossword
NBA
Harry Potter
Marvel
The Office
Puzzle
Country
NFL
Song
Pokémon
WWE
Soccer
hide this ad
More By:
stmookeyj
Quiz
Plays
Rating
Category
Featured
Created
CRICKET: ASHES PLAYERS (2000-2009)
8,132
4.68
Sports
Nov 22, 2010
Australian Test Cricketers (2000's)
5,298
4.25
Sports
Dec 1, 2009
FIRST TEST XI's IN AUSTRALIA (CRICKET) 2000/01-2012/13
3,416
5.00
Sports
Oct 30, 2013
NEW ZEALAND TEST CRICKETERS (2000's)
2,948
4.38
Sports
Jan 27, 2010
1992 CRICKET WORLD CUP SQUADS
2,505
4.37
Sports
Feb 14, 2010
Go to Creator's Profile
Score Distribution
Quiz Creator Spotlight
stmookeyj
Follow
Send a Message
Quizzes Created
-
Created Quiz Play Count
-
More By This Creator
Popular Quizzes Today
1
Colored Red Africa Blitz
2
Find the US States - No Outlines Minefield
3
Find the 'City' Movie
4
5x2 Blitz: Bands
5
The Countries of the World
6
Find the US States
7
Find the Countries of Europe - No Outlines Minefield
8
US States
More Sports Quizzes
Coaches Who Have Won and Lost a Super Bowl
Published
Trending Quizzes
Colored Red Europe Blitz I
Colored Red Europe Blitz II
Colored Red Africa Blitz II
Colored Red Europe Blitz III
Colored Red Africa Blitz III
Recently Updated
How Do You Spell That?
pecheneg
Godzilla Movies
pecheneg
Grab Bag: 4-10 Letters
pecheneg
2024 March Madness Bracket
pecheneg
Famous TV Couples
Peacemaker
Champions League XIs: Real Madrid
pecheneg
Largest US Cities 1790-2010
pecheneg
Rides in Walt Disney World
pecheneg
Most Oscar Losses (Acting)
pecheneg
Beyoncé Albums
pecheneg
Trending Topics
Anime
Disney
Harry Potter
Crossword
Kpop
NBA
Marvel
NFL
The Office
Puzzle
Country
Soccer
Pokémon
WWE
Song
Your Account Isn't Verified!
In order to create a playlist on Sporcle, you need to verify the email address you used during registration. Go to your
Sporcle Settings
to finish the process.
Report this User
Report this user for behavior that violates our
Community Guidelines
.
Details:
Send Report
Go to the Sporcle.com Mobile Site →
Comments